Náročný národ z Dánska
Stručný pohľad na kultúrne, politické a národné zvyklosti v Dánsku. Základné odlišnosti a špecifiká.
Gespeichert in:
| 1. Verfasser: | |
|---|---|
| Format: | Buchkapitel |
| Sprache: | Tschechisch |
| Schlagworte: | |
| Tags: |
Keine Tags, Fügen Sie das erste Tag hinzu!
|
MARC
| LEADER | 00000naa a2200000 4500 | ||
|---|---|---|---|
| 001 | r045706 | ||
| 005 | 20231004100145.3 | ||
| 041 | 0 | |a cze | |
| 044 | |a CZ | ||
| 245 | 1 | 0 | |a Náročný národ z Dánska |c Tomáš Poucha |
| 520 | |a Stručný pohľad na kultúrne, politické a národné zvyklosti v Dánsku. Základné odlišnosti a špecifiká. | ||
| 610 | 2 | 0 | |a zvyklosti obchodné |
| 610 | 2 | 0 | |a zvyklosti kultúrne |
| 610 | 2 | 0 | |a politika |
| 610 | 2 | 0 | |a Dánsko |
| 610 | 2 | 0 | |a usporiadanie správne |
| 100 | 1 | |a Poucha, Tomáš | |